Statistics for Continents by Number of Countries

Click here to take the quiz!

General Stats

  • This quiz has been taken 241 times
  • The average score is 6 of 7

Answer Stats

CountriesContinent% Correct
54Africa
100%
48Asia
100%
45Europe
96%
23North America
86%
14Oceania
69%
12South America
64%
0Antarctica
50%

Score Distribution

Percentile by Number Answered

Percent of People with Each Score

Your Score History

You have not taken this quiz